|
|
|
|
| LEADER |
00000nam0a2200000 4500 |
| 001 |
174378 |
| 005 |
20240117143835.0 |
| 035 |
|
|
|a (RuTPU)RU\TPU\book\189093
|
| 090 |
|
|
|a 174378
|
| 100 |
|
|
|a 20100126d2009 k y0rusy50 ca
|
| 101 |
0 |
|
|a rus
|
| 102 |
|
|
|a RU
|
| 105 |
|
|
|a a dm 001zy
|
| 200 |
1 |
|
|a Коммуникативно-семиотическое моделирование социокультурных изменений
|e автореферат диссертации на соискание ученой степени доктора философских наук
|e спец. 24.00.01
|f Н. А. Лукьянова
|g Новгородский государственный университет им. Ярослава Мудрого (НовГУ) ; науч. рук. Н. А. Кащей
|
| 210 |
|
|
|a Великий Новгород
|d 2009
|
| 215 |
|
|
|a 37 с.
|c ил.
|
| 300 |
|
|
|a Защита сост. 23 декабря 2009 года.
|
| 320 |
|
|
|a Библиогр.: с. 34-37 (32 назв.).
|
| 606 |
1 |
|
|a Философия культуры
|2 stltpush
|3 (RuTPU)RU\TPU\subj\67421
|9 83234
|
| 610 |
1 |
|
|a социокультура
|
| 610 |
1 |
|
|a динамика
|
| 610 |
1 |
|
|a исследования
|
| 610 |
1 |
|
|a изменения
|
| 610 |
1 |
|
|a коммуникации
|
| 610 |
1 |
|
|a процессы
|
| 610 |
1 |
|
|a семиотическое моделирование
|
| 610 |
1 |
|
|a авторефераты диссертаций
|
| 686 |
|
|
|a Ю671
|2 rubbk
|
| 686 |
|
|
|a 24.00.01
|2 oksvnk
|
| 700 |
|
1 |
|a Лукьянова
|b Н. А.
|c специалист в области психологии и права
|c профессор Томского политехнического университета, доктор философских наук
|f 1971-
|g Наталия Александровна
|3 (RuTPU)RU\TPU\pers\25996
|9 11845
|
| 702 |
|
1 |
|a Кащей
|b Н. А.
|g Николай Александрович
|4 727
|
| 712 |
0 |
2 |
|a Новгородский государственный университет им. Ярослава Мудрого (НовГУ)
|3 (RuTPU)RU\TPU\col\2502
|
| 801 |
|
1 |
|a RU
|b 63413507
|c 20100126
|
| 801 |
|
2 |
|a RU
|b 63413507
|c 20170302
|g RCR
|
| 942 |
|
|
|c BK
|